000 nam a22 a 4500
999 _c150150
_d150150
003 BLK
005 20230418173036.0
008 180410b bul|||||r ||||||| ||bul||
010 _aKNG00156460000
040 _aBLK
041 _aBUL
_cBUL
080 _aНовогръцка литература
_b821.146
_x-4
_z821.146-4
100 1 _aКазандзакис, Никос
_eпърви автор
_9376216
139 _aКазандзакис, Никос
_bК 13
245 1 0 _aАскетика
_cНикос Казандзакис; прев. от гр. Панос Статоянис.
257 _aGRE
260 _aСофия
_bАрхетип
_c1993
300 _a94 с.
_c20 см
380 _aX
500 _aКор. опис. - Ориг. загл. Askitiki / Nikos Kazandzakis. - Офс. изд.
653 _aесета
700 1 _aСтатоянис, Панос
_eпрев. от гр.
_9124046
852 _aЦб 173166
_bЦб
856 4 _qpdf
_i0.00
_ldisable
856 4 _qpdf
_i0.00
_ldisable
942 _cKNG
_n0
_01
_s1
944 _aCR
_c11.02.2014
_lф /
_kЛюдмила_Стоянова
944 _aED
_c28.03.2014
_lф /
999 _d150150